|
|
|
|
| LEADER |
00962nam a2200313 4500 |
| 001 |
DLU050048836 |
| 005 |
##20051011 |
| 040 |
# |
# |
|a DLU
|b vie
|
| 041 |
# |
# |
|a vie
|
| 044 |
# |
# |
|a vn
|
| 082 |
# |
# |
|a 339
|b SOG
|
| 110 |
# |
# |
|a Sở Giáo dục và Đào tạo Hà nội
|
| 245 |
# |
# |
|a Giáo trình kinh tế vi mô :
|b Dùng trong các trường THCN /
|c Sở Giáo dục và Đào tạo Hà nội; Trần Thuý Lan chủ biên
|
| 246 |
# |
# |
|a Giáo trình kinh tế vi mô :
|b Dùng trong các trường Trung học Chuyên nghiệp
|
| 260 |
# |
# |
|a H. :
|b Nxb. Hà nội,
|c 2005
|
| 300 |
# |
# |
|a 155 tr. ;
|c 24 cm
|
| 504 |
# |
# |
|a Tài liệu tham khảo :tr.153
|
| 650 |
# |
# |
|a Kinh tế vi mô
|v Giáo trình
|
| 700 |
# |
# |
|a Trần Thuý Lan
|e chủ biên
|
| 923 |
# |
# |
|a 46/2005
|
| 992 |
# |
# |
|a 20.000
|
| 994 |
# |
# |
|a DLU
|
| 900 |
# |
# |
|a True
|
| 911 |
# |
# |
|a Đào Thị Thu Huyền
|
| 925 |
# |
# |
|a G
|
| 926 |
# |
# |
|a A
|
| 927 |
# |
# |
|a SH
|
| 980 |
# |
# |
|a Thư viện Trường Đại học Đà Lạt
|